Nous sommes les heritiers des revolutions du monde : (Record no. 6791)
[ view plain ]
| 000 -LEADER | |
|---|---|
| fixed length control field | 01029cam a2200325M 4500 |
| 001 - CONTROL NUMBER | |
| control field | ocn472315305 |
| 003 - CONTROL NUMBER IDENTIFIER | |
| control field | TZ-ArACH |
| 005 - DATE AND TIME OF LATEST TRANSACTION | |
| control field | 20230116123817.0 |
| 008 - FIXED-LENGTH DATA ELEMENTS--GENERAL INFORMATION | |
| fixed length control field | 091109nuuuuuuuuxx 000 0 eng d |
| 020 ## - INTERNATIONAL STANDARD BOOK NUMBER | |
| International Standard Book Number | 9780873489959 |
| 020 ## - INTERNATIONAL STANDARD BOOK NUMBER | |
| International Standard Book Number | 0873489950 |
| 035 ## - SYSTEM CONTROL NUMBER | |
| System control number | (OCoLC)472315305 |
| Canceled/invalid control number | (OCoLC)975295801 |
| 040 ## - CATALOGING SOURCE | |
| Original cataloging agency | TOH |
| Language of cataloging | eng |
| Transcribing agency | TZ-ArACH |
| 043 ## - GEOGRAPHIC AREA CODE | |
| Geographic area code | f-uv--- |
| 049 ## - LOCAL HOLDINGS (OCLC) | |
| Holding library | TZAA |
| 050 ## - LIBRARY OF CONGRESS CALL NUMBER | |
| Classification number | DT555 |
| Item number | .S25 2007 |
| 100 1# - MAIN ENTRY--PERSONAL NAME | |
| Personal name | Sankara, Thomas. |
| 245 10 - TITLE STATEMENT | |
| Title | Nous sommes les heritiers des revolutions du monde : |
| Remainder of title | discours 1983-1987. |
| 260 ## - PUBLICATION, DISTRIBUTION, ETC. (IMPRINT) | |
| Place of publication, distribution, etc | New York, NY : |
| Name of publisher, distributor, etc | Pathfinder Press, |
| Date of publication, distribution, etc | 2008. |
| 504 ## - BIBLIOGRAPHY, ETC. NOTE | |
| Bibliography, etc | Illustrations |
| 650 #7 - SUBJECT ADDED ENTRY--TOPICAL TERM | |
| Topical term or geographic name as entry element | Economic history. |
| Source of heading or term | fast |
| 9 (RLIN) | 15849 |
| 650 #7 - SUBJECT ADDED ENTRY--TOPICAL TERM | |
| Topical term or geographic name as entry element | Politics and government. |
| Source of heading or term | fast |
| 650 #7 - SUBJECT ADDED ENTRY--TOPICAL TERM | |
| Topical term or geographic name as entry element | Social conditions. |
| Source of heading or term | fast |
| 651 #0 - SUBJECT ADDED ENTRY--GEOGRAPHIC NAME | |
| Geographic name | Burkina Faso |
| General subdivision | Politics and government. |
| 651 #0 - SUBJECT ADDED ENTRY--GEOGRAPHIC NAME | |
| Geographic name | Burkina Faso |
| General subdivision | Economic conditions. |
| 651 #0 - SUBJECT ADDED ENTRY--GEOGRAPHIC NAME | |
| Geographic name | Burkina Faso |
| General subdivision | Social conditions. |
| 651 #6 - SUBJECT ADDED ENTRY--GEOGRAPHIC NAME | |
| Geographic name | Burkina Faso |
| General subdivision | Politique et gouvernement. |
| 651 #7 - SUBJECT ADDED ENTRY--GEOGRAPHIC NAME | |
| Geographic name | Burkina Faso. |
| Source of heading or term | fast |
| 9 (RLIN) | 11408 |
| 942 ## - ADDED ENTRY ELEMENTS (KOHA) | |
| Source of classification or shelving scheme | Library of Congress Classification |
| Koha item type | Books |
| Home library | Current library | Date acquired | Full call number | Barcode | Koha item type |
|---|---|---|---|---|---|
| African Court on Human and Peoples' Rights Library | African Court on Human and Peoples' Rights Library | 16/01/2023 | DT555 .S25 2007 | 10193235 | Books |
| African Court on Human and Peoples' Rights Library | African Court on Human and Peoples' Rights Library | 16/01/2023 | DT555 .S25 2007 | 10193278 | Books |
